[Event "13th Asia-ch (women)"]
[Site "Subic Bay PHI"]
[Date "2009.05.13"]
[Round "1"]
[White "Karavade, Eesha"]
[Black "Ghaderpour, Shayesteh"]
[Result "1-0"]
[WhiteElo "2359"]
[BlackElo "2156"]
[EventDate "2009.05.13"]
[PlyCount "119"]

1.d4 Nf6 2.c4 e6 3.Nc3 Bb4 4.e3 O-O 5.Ne2 d5 6.a3 Be7 7.cxd5 Nxd5 8.Bd2 
Nd7 9.g3 Nxc3 10.Bxc3 c5 11.Bg2 Rb8 12.O-O b6 13.dxc5 bxc5 14.Rc1 Bf6 15.
Qc2 Bxc3 16.Nxc3 Bb7 17.Ne4 Bxe4 18.Bxe4 Nf6 19.Bf3 Rc8 20.Rfd1 Qb6 21.b4 
c4 22.Qa2 Qc7 23.Rc3 Nd7 24.Be2 Nb6 25.Rdc1 Qe5 26.Bxc4 a5 27.R3c2 axb4 
28.axb4 Nxc4 29.Rxc4 Rxc4 30.Qxc4 h6 31.Qc7 Qb2 32.Rc4 Qb3 33.Rf4 Qd1+ 34.
Kg2 Qd5+ 35.e4 Qb3 36.Qd6 Ra8 37.Rf3 Qc4 38.e5 Qe4 39.Qc7 Rf8 40.b5 g5 41.
h3 h5 42.Qc6 Qxe5 43.b6 Qd5 44.Qxd5 exd5 45.Rf5 f6 46.Rxd5 Rb8 47.Rb5 Rb7 
48.Kf3 Kf7 49.Ke4 Ke6 50.g4 hxg4 51.hxg4 Kd6 52.Kf5 Ke7 53.Rb3 Kf7 54.Rb4 
Re7 55.f4 Rb7 56.fxg5 fxg5 57.Kxg5 Ke6 58.Kg6 Ke5 59.g5 Ke6 60.Rb5 1-0

[Event "13th Asia-ch (women)"]
[Site "Subic Bay PHI"]
[Date "2009.05.15"]
[Round "3"]
[White "Bui Kim Le"]
[Black "Jose, Rulp Ylem"]
[Result "1-0"]
[WhiteElo "2165"]
[BlackElo "2054"]
[EventDate "2009.05.13"]
[PlyCount "71"]

1.e4 d5 2.exd5 Nf6 3.Bb5+ Bd7 4.Bc4 Bg4 5.f3 Bf5 6.Nc3 Nbd7 7.g4 Nb6 8.d3 
Bc8 9.Qe2 Nfxd5 10.Nxd5 Nxd5 11.Nh3 c6 12.Bd2 h5 13.Nf2 hxg4 14.fxg4 Qc7 
15.h3 Bd7 16.O-O-O O-O-O 17.Qf3 f6 18.d4 e6 19.Ne4 Be7 20.Kb1 Rdf8 21.Nf2 
g5 22.Nd3 Qb6 23.Bb3 Qxd4 24.c4 e5 25.Rhe1 f5 26.Nxe5 fxg4 27.Qg2 Rf2 28.
Qg1 Bf5+ 29.Ka1 Nb4 30.Bc3 Qf4 31.hxg4 Nc2+ 32.Bxc2 Bxc2 33.Ng6 Bxg6 34.
Rxe7 Rd8 35.Be5 Rfd2 36.Rc7+ 1-0

[Event "13th Asia-ch (women)"]
[Site "Subic Bay PHI"]
[Date "2009.05.16"]
[Round "4"]
[White "Mohota, Nisha"]
[Black "Wang Xiaohui"]
[Result "1-0"]
[WhiteElo "2304"]
[BlackElo "2265"]
[EventDate "2009.05.13"]
[PlyCount "71"]

1.d4 Nf6 2.c4 e6 3.Nf3 b6 4.g3 Ba6 5.Qc2 Bb4+ 6.Bd2 Be7 7.e4 d5 8.cxd5 
Bxf1 9.Kxf1 exd5 10.e5 Ne4 11.Nc3 Nxc3 12.bxc3 Nc6 13.h4 Qd7 14.Ng5 Bxg5 
15.hxg5 O-O-O 16.Kg2 g6 17.Rh6 Rdg8 18.Rah1 Rg7 19.Bf4 Qe6 20.Qd3 Kb7 21.
Qf3 Ne7 22.Bc1 Qf5 23.Ba3 Qxf3+ 24.Kxf3 Nc6 25.Ke2 Kc8 26.f4 Kd7 27.g4 Nd8
28.Bc1 c5 29.f5 cxd4 30.cxd4 Nc6 31.Be3 Nb4 32.e6+ fxe6 33.fxg6 Nc6 34.
Rxh7 Rg8 35.Rxg7+ Rxg7 36.Rh7 1-0

[Event "13th Asia-ch (women)"]
[Site "Subic Bay PHI"]
[Date "2009.05.17"]
[Round "5"]
[White "Gu Xiaobing"]
[Black "Kruttika, Nadig"]
[Result "1-0"]
[WhiteElo "2336"]
[BlackElo "2361"]
[EventDate "2009.05.13"]
[PlyCount "81"]

1.e4 c5 2.Nc3 d6 3.f4 g6 4.Nf3 Bg7 5.Bc4 e6 6.O-O Ne7 7.d4 O-O 8.dxc5 dxc5
9.Be3 Qc7 10.Qe1 a6 11.a4 b6 12.Qh4 Nbc6 13.f5 gxf5 14.Qh5 Nd4 15.Bh6 Bxh6
16.Qxh6 f6 17.Nh4 Qe5 18.Rf4 Bb7 19.Raf1 Kh8 20.Bd3 Rg8 21.g3 c4 22.Bxc4 
Qc5 23.Qxf6+ Rg7 24.Bd3 Ne2+ 25.Kg2 Nxf4+ 26.Rxf4 Qe3 27.Kh3 Re8 28.exf5 
exf5 29.Bxf5 Qg1 30.Bd7 Rg8 31.Be6 Bc8 32.Bxc8 Rxc8 33.Rg4 Rg8 34.Nd5 Qd1 
35.Ne3 Qe2 36.Re4 Qh5 37.Rxe7 Qg5 38.Qxg5 Rxg5 39.Nhf5 R5g6 40.Kg2 Rd8 41.
Kf3 1-0

[Event "13th Asia-ch (women)"]
[Site "Subic Bay PHI"]
[Date "2009.05.18"]
[Round "6"]
[White "Li Panru"]
[Black "Le Thi Phuong Lien"]
[Result "0-1"]
[WhiteElo "2146"]
[BlackElo "2216"]
[EventDate "2009.05.13"]
[PlyCount "112"]

1.d4 Nf6 2.c4 e6 3.Nc3 d5 4.Bg5 Be7 5.e3 O-O 6.Nf3 h6 7.Bh4 b6 8.Bd3 dxc4 
9.Bxc4 Bb7 10.O-O Ne4 11.Bxe7 Qxe7 12.Rc1 Nd7 13.Bd3 Nxc3 14.Rxc3 c5 15.
Bb5 Rfd8 16.Qe2 Rac8 17.Rfc1 Nf6 18.a3 Ne4 19.R3c2 Ng5 20.Ba6 Nxf3+ 21.
gxf3 Bxa6 22.Qxa6 e5 23.dxc5 Rc6 24.Qa4 Rg6+ 25.Kf1 bxc5 26.Rxc5 Qb7 27.
Ke2 Qxb2+ 28.R5c2 Qb6 29.Rc8 Rd6 30.Rxd8+ Rxd8 31.Qb4 Qa6+ 32.Ke1 Rd6 33.
Rc3 Rb6 34.Qc4 Rb1+ 35.Ke2 Rb2+ 36.Kf1 Qg6 37.Qd3 Qe6 38.Qd8+ Kh7 39.Qd3+ 
g6 40.Rc2 Qh3+ 41.Ke2 Rb1 42.e4 Qf1+ 43.Ke3 Qe1+ 44.Re2 Qd1 45.Rd2 Ra1 46.
Qd5 Qe1+ 47.Kd3 Rxa3+ 48.Kc2 Rxf3 49.Qxe5 Rf5 50.Qd4 Rf4 51.Qxa7 Qxe4+ 52.
Kb2 Qb4+ 53.Kc2 Rc4+ 54.Kd1 Qb3+ 55.Ke2 Re4+ 56.Kf1 Qh3+ 0-1

[Event "13th Asia-ch (women)"]
[Site "Subic Bay PHI"]
[Date "2009.05.22"]
[Round "10"]
[White "Zhang Xiaowen"]
[Black "Meenakshi, Subbaraman"]
[Result "1/2-1/2"]
[WhiteElo "2340"]
[BlackElo "2303"]
[EventDate "2009.05.13"]
[PlyCount "77"]

1.e4 d6 2.d4 Nf6 3.Nc3 g6 4.Nf3 Bg7 5.h3 c6 6.a4 O-O 7.Be3 Nbd7 8.Be2 e5 
9.O-O Qc7 10.a5 Re8 11.d5 a6 12.Nd2 cxd5 13.exd5 b5 14.axb6 Nxb6 15.Bxb6 
Qxb6 16.Nc4 Qc7 17.Na5 e4 18.Qd4 Nd7 19.Qc4 Qc5 20.Qxc5 Nxc5 21.Ra3 Rb8 
22.Nc4 Rd8 23.Na4 Nxa4 24.Rxa4 Bb7 25.Rd1 Rbc8 26.b3 Rc5 27.Ne3 f5 28.Bxa6
f4 29.Bxb7 fxe3 30.fxe3 Rxc2 31.Rb1 Rf8 32.Ba6 Rff2 33.Bf1 Rb2 34.Rc1 Rf8 
35.Rb4 Be5 36.Rxe4 Rxb3 37.Be2 Re8 38.Bf3 Rxe3 39.Rxe3 1/2-1/2

[Event "13th Asia-ch (women)"]
[Site "Subic Bay PHI"]
[Date "2009.05.22"]
[Round "10"]
[White "Ding Yixin"]
[Black "Batkhuyag, Munguntuul"]
[Result "0-1"]
[WhiteElo "2281"]
[BlackElo "2440"]
[EventDate "2009.05.13"]
[PlyCount "134"]

1.e4 e5 2.Nf3 Nc6 3.Bb5 a6 4.Ba4 Nf6 5.O-O b5 6.Bb3 Bc5 7.Nxe5 Nxe5 8.d4 
Bxd4 9.Qxd4 d6 10.f4 c5 11.Qc3 Neg4 12.e5 Ne4 13.Qd3 Bb7 14.Bd5 Qh4 15.Qh3
Qxh3 16.gxh3 Bxd5 17.hxg4 dxe5 18.fxe5 O-O 19.Nd2 Ng5 20.h4 Ne6 21.c3 c4 
22.Nf3 Nc5 23.Ne1 Rfe8 24.Bf4 Nd7 25.Rd1 Be6 26.g5 Bh3 27.Rf2 Nxe5 28.Bxe5
Rxe5 29.Nf3 Re7 30.Rd6 Re6 31.Rd5 Rae8 32.Kh2 Bg4 33.Nd4 Re4 34.Rd6 Bc8 
35.Nf3 Kf8 36.h5 R4e6 37.Rdd2 Kg8 38.Kg3 h6 39.Rd4 hxg5 40.Nxg5 Re3+ 41.
Rf3 Rxf3+ 42.Nxf3 Bb7 43.Nh4 Re5 44.Rd8+ Kh7 45.Kg4 Bd5 46.Rd6 Be6+ 47.Kf4
Rxh5 48.Nf3 Rf5+ 49.Ke3 Bc8 50.Nd4 Re5+ 51.Kf2 Rc5 52.Nc6 Rh5 53.Na7 Bf5 
54.Kg3 Rh6 55.Rd5 Rh3+ 56.Kf4 g6 57.Rd2 Rd3 58.Rh2+ Kg7 59.Nc6 Kf6 60.Rg2 
Bh3 61.Rf2 Bf5 62.Rg2 Rd1 63.Nb4 g5+ 64.Ke3 Rd8 65.Rf2 Ke5 66.a3 a5 67.Na2
Rd1 0-1

[Event "13th Asia-ch (women)"]
[Site "Subic Bay PHI"]
[Date "2009.05.22"]
[Round "10"]
[White "Ju Wenjun"]
[Black "Karavade, Eesha"]
[Result "1/2-1/2"]
[WhiteElo "2454"]
[BlackElo "2359"]
[EventDate "2009.05.13"]
[PlyCount "91"]

1.d4 Nf6 2.c4 e6 3.Nc3 Bb4 4.Qc2 O-O 5.a3 Bxc3+ 6.Qxc3 d6 7.Bg5 Nbd7 8.e3 
b6 9.Bd3 Bb7 10.f3 c5 11.Ne2 Rc8 12.O-O Ba6 13.Qb3 cxd4 14.exd4 Qc7 15.
Rac1 Nc5 16.dxc5 Qxc5+ 17.Kh1 Qxg5 18.Qa4 Qa5 19.Qxa5 bxa5 20.b4 Nd7 21.
Rfd1 Ne5 22.b5 Bb7 23.a4 Rc5 24.Nd4 Nxd3 25.Rxd3 Rfc8 26.Nb3 Rxc4 27.Rxc4 
Rxc4 28.Rxd6 g6 29.Kg1 Rxa4 30.Nc5 Ra1+ 31.Kf2 Bd5 32.Ra6 Ra2+ 33.Kg1 Bc4 
34.Rxa7 Bxb5 35.Ne4 Bc6 36.Ng5 a4 37.Nxf7 Ra1+ 38.Kf2 a3 39.Ne5 Bd5 40.Ng4
Kf8 41.Nf6 Bc4 42.Rd7 Rf1+ 43.Kg3 a2 44.Nxh7+ Ke8 45.Nf6+ Kf8 46.Nh7+ 
1/2-1/2

[Event "13th Asia-ch (women)"]
[Site "Subic Bay PHI"]
[Date "2009.05.22"]
[Round "10"]
[White "Pourkashiyan, Atousa"]
[Black "Huang Qian"]
[Result "0-1"]
[WhiteElo "2273"]
[BlackElo "2410"]
[EventDate "2009.05.13"]
[PlyCount "80"]

1.e4 c5 2.Nf3 d6 3.d4 cxd4 4.Nxd4 Nf6 5.Nc3 a6 6.Bc4 e6 7.Bb3 b5 8.O-O Be7
9.f4 Qc7 10.Qe2 O-O 11.e5 dxe5 12.fxe5 Nfd7 13.Rxf7 Rxf7 14.Bxe6 Qxe5 15.
Bxf7+ Kxf7 16.Qf3+ Nf6 17.Be3 Bg4 18.Qxa8 Qxe3+ 19.Kh1 Qxd4 20.Qxb8 b4 21.
Na4 Bd7 22.Nb6 Bd6 23.Qb7 Qh4 24.h3 Qg3 25.Kg1 Qh2+ 26.Kf2 Bc5+ 27.Kf3 Qe5
28.Nc4 Qf5+ 29.Ke2 Qf2+ 30.Kd1 Qf1+ 31.Kd2 Qf4+ 32.Ke1 Qxc4 33.Rd1 Qe6+ 
34.Kf1 Qf5+ 35.Qf3 Bb5+ 36.Ke1 Qxc2 37.g4 Qxb2 38.h4 Qc3+ 39.Qxc3 bxc3 40.
g5 Ne4 0-1

[Event "13th Asia-ch (women)"]
[Site "Subic Bay PHI"]
[Date "2009.05.22"]
[Round "10"]
[White "Xu Tong"]
[Black "Hoang Thi Bao Tram"]
[Result "0-1"]
[WhiteElo "2231"]
[BlackElo "2239"]
[EventDate "2009.05.13"]
[PlyCount "108"]

1.e4 c6 2.d4 d5 3.e5 g6 4.Nf3 Bg4 5.Be2 Bxf3 6.Bxf3 e6 7.O-O h5 8.Be2 Qb6 
9.Na3 Nh6 10.c4 dxc4 11.Nxc4 Qd8 12.Bxh6 Rxh6 13.Qd2 Rh8 14.Bf3 Be7 15.Be4
Na6 16.a3 Kf8 17.Rad1 Nc7 18.Na5 Rb8 19.b4 Nd5 20.f4 Kg7 21.Qd3 Qd7 22.Rf3
Bd8 23.Nb3 Bb6 24.Nc5 Bxc5 25.dxc5 Qe7 26.Rdf1 Rbd8 27.Qc2 h4 28.Qf2 Rd7 
29.Rh3 Nc7 30.Kh1 Qd8 31.Qf3 Rd4 32.g4 hxg3 33.Rxg3 Qh4 34.Rg2 Qh5 35.Qe3 
Rd1 36.Qg1 Rxf1 37.Qxf1 Rd8 38.Bc2 Nd5 39.Qf2 Ne7 40.Rg5 Qh6 41.Kg2 Rh8 
42.Kg1 Qh4 43.Rg3 Nd5 44.f5 exf5 45.Bxf5 Rh5 46.Bc8 Qe7 47.e6 fxe6 48.Qe2 
Nf4 49.Qe4 Qf6 50.Re3 Rg5+ 51.Rg3 Qa1+ 52.Kf2 Rf5 53.Rf3 Qb2+ 54.Ke1 Re5 
0-1

[Event "13th Asia-ch (women)"]
[Site "Subic Bay PHI"]
[Date "2009.05.22"]
[Round "10"]
[White "Tania, Sachdev"]
[Black "Muminova, Nafisa"]
[Result "1-0"]
[WhiteElo "2423"]
[BlackElo "2212"]
[EventDate "2009.05.13"]
[PlyCount "123"]

1.d4 Nf6 2.c4 e6 3.Nc3 c5 4.d5 exd5 5.cxd5 d6 6.e4 g6 7.h3 Bg7 8.Nf3 O-O 
9.Bg5 Re8 10.Bd3 c4 11.Bc2 b5 12.a3 Qb6 13.O-O Nbd7 14.Re1 a6 15.Be3 Nc5 
16.Bd4 Bb7 17.Qd2 Nfd7 18.Bxg7 Kxg7 19.Qd4+ f6 20.Re3 a5 21.a4 b4 22.Nb5 
b3 23.Bd1 Nxa4 24.Rxa4 Qxb5 25.Rxc4 a4 26.Rb4 Qa6 27.Be2 Qa7 28.Qxa7 Rxa7 
29.Bb5 Re7 30.Rxa4 Rxa4 31.Bxa4 Nc5 32.Bxb3 Rxe4 33.Rxe4 Nxe4 34.Nd4 Nc5 
35.Bc4 Na4 36.b3 Nb6 37.Nb5 Nxd5 38.Nxd6 Bc6 39.Ne8+ Bxe8 40.Bxd5 Kf8 41.
Kf1 Ke7 42.Ke2 Kd6 43.Bg8 h5 44.h4 Ke5 45.Ke3 g5 46.g3 Kf5 47.f3 Kg6 48.
Bc4 Kf5 49.b4 Ke5 50.b5 Bd7 51.f4+ gxf4+ 52.gxf4+ Kd6 53.Kd4 Be8 54.Be2 
Bf7 55.Bf3 Be8 56.b6 Bf7 57.Kc3 Kd7 58.Kb4 Kc8 59.Kc5 Kd7 60.Bc6+ Kc8 61.
Kd6 Bc4 62.f5 1-0

[Event "13th Asia-ch (women)"]
[Site "Subic Bay PHI"]
[Date "2009.05.22"]
[Round "10"]
[White "Kharisma Sukandar, Irine"]
[Black "Tay Li Jin, Jeslin"]
[Result "1-0"]
[WhiteElo "2300"]
[BlackElo "2068"]
[EventDate "2009.05.13"]
[PlyCount "129"]

1.e4 c5 2.Nf3 d6 3.d4 cxd4 4.Nxd4 Nf6 5.Nc3 a6 6.Be2 e5 7.Nb3 Be7 8.O-O 
O-O 9.Be3 Be6 10.Qd2 b5 11.a4 b4 12.Nd5 Bxd5 13.exd5 Nbd7 14.a5 Qb8 15.
Rfd1 Rc8 16.f3 Qc7 17.Rac1 Qb7 18.Bf1 h6 19.g3 Bd8 20.Ra1 Rab8 21.Qd3 Ra8 
22.Bf2 Qc7 23.Rd2 Nf8 24.Ra4 Qb7 25.Nc1 Ng6 26.Qb3 Rcb8 27.Na2 Qc8 28.Nxb4
Ne7 29.c3 Nd7 30.Qc4 Nc5 31.Bxc5 Qxc5+ 32.Qxc5 dxc5 33.Nxa6 Rc8 34.Bb5 Ra7
35.d6 Ng6 36.Rd5 Rca8 37.Rxc5 Rxa6 38.Bxa6 Rxa6 39.Rc8 Rxd6 40.a6 Kh7 41.
a7 Bb6+ 42.Kf1 Bxa7 43.Rxa7 e4 44.fxe4 Ne5 45.Ke2 Kg6 46.Ra5 Re6 47.h3 h5 
48.Ke3 f6 49.b4 h4 50.g4 Nf7 51.Rd5 Ng5 52.Rxg5+ Kxg5 53.b5 Rb6 54.c4 g6 
55.Rc5+ Kh6 56.Rc6 Rb7 57.Rxf6 Ra7 58.Ra6 Rc7 59.Kd4 Kg5 60.b6 Rd7+ 61.Ke3
Rd1 62.b7 Re1+ 63.Kf2 Rb1 64.Ra5+ Kf4 65.Rb5 1-0

[Event "13th Asia-ch (women)"]
[Site "Subic Bay PHI"]
[Date "2009.05.22"]
[Round "10"]
[White "Le Thanh Tu"]
[Black "Cua, Sherily"]
[Result "1/2-1/2"]
[WhiteElo "2326"]
[BlackElo "2143"]
[EventDate "2009.05.13"]
[PlyCount "138"]

1.d4 d5 2.c4 e6 3.Nf3 Nf6 4.g3 dxc4 5.Bg2 a6 6.O-O Nc6 7.e3 Rb8 8.Nfd2 Be7
9.Nxc4 O-O 10.Qe2 Nd5 11.Rd1 b5 12.Ncd2 Na5 13.Nf3 Bb7 14.e4 Nf6 15.Nbd2 
Nd7 16.Nf1 Nc4 17.Bf4 Bd6 18.b3 Ncb6 19.Bd2 Qe7 20.Rac1 Rbc8 21.Bc3 Rfd8 
22.Ne1 Ba3 23.Rc2 c5 24.dxc5 Nxc5 25.Rxd8+ Qxd8 26.Ba5 Ncd7 27.Qd2 Rxc2 
28.Nxc2 Be7 29.Nfe3 Qc7 30.f4 Bc5 31.Kf1 h6 32.Qc3 Bd6 33.Qxc7 Bxc7 34.e5 
Bxg2+ 35.Nxg2 Nd5 36.Bxc7 Nxc7 37.Ke2 Kf8 38.Kd3 Ke7 39.Nge3 Nc5+ 40.Kd4 
Nb7 41.Nb4 Kd7 42.Nd3 Kc6 43.g4 a5 44.a3 Na6 45.b4 axb4 46.axb4 Nc7 47.h4 
Ne8 48.h5 f6 49.f5 exf5 50.Nxf5 fxe5+ 51.Kxe5 Kd7 52.Nf4 Nd8 53.Nd4 Nd6 
54.Kd5 N8f7 55.Nfe6 Nc4 56.Nxg7 Ne3+ 57.Kc5 Nxg4 58.Kxb5 Nd6+ 59.Kc5 Ne4+ 
60.Kc4 Nef6 61.b5 Ne5+ 62.Kc5 Nd3+ 63.Kb6 Nd5+ 64.Ka7 N3f4 65.Ndf5 Kc7 66.
Nxh6 Nxh5 67.Nxh5 Kd6 68.Nf4 Kc5 69.Nxd5 Kxb5 1/2-1/2

[Event "13th Asia-ch (women)"]
[Site "Subic Bay PHI"]
[Date "2009.05.22"]
[Round "10"]
[White "Lkhamsuren, Uuganbayar"]
[Black "Ghaderpour, Shayesteh"]
[Result "1-0"]
[WhiteElo "2038"]
[BlackElo "2156"]
[EventDate "2009.05.13"]
[PlyCount "66"]

1.e4 c5 2.Nf3 d6 3.d4 cxd4 4.Nxd4 Nf6 5.Nc3 a6 6.Be2 e5 7.Nb3 Be7 8.O-O 
O-O 9.a4 Nc6 10.Be3 Be6 11.f3 Nb4 12.a5 Rc8 13.Rf2 d5 14.Bb5 Qd7 15.Bf1 d4
16.Na4 Bxb3 17.cxb3 d3 18.Rd2 Rc2 19.Rxd3 Qe6 20.Rc3 Rxc3 21.bxc3 Nc6 22.
Bc4 Qc8 23.Qe2 Nh5 24.g3 Kh8 25.Nc5 g6 26.Rd1 Nf6 27.Qa2 Kg7 28.b4 h5 29.
Bd5 h4 30.Qf2 Rh8 31.Rd2 hxg3 32.Qxg3 Rh3 33.Qg2 Rh4 1-0

[Event "13th Asia-ch (women)"]
[Site "Subic Bay PHI"]
[Date "2009.05.22"]
[Round "10"]
[White "Kruttika, Nadig"]
[Black "Salvador, Aices"]
[Result "1-0"]
[WhiteElo "2361"]
[BlackElo "2040"]
[EventDate "2009.05.13"]
[PlyCount "67"]

1.e4 e6 2.d3 c5 3.Nf3 Nc6 4.Nbd2 g6 5.g3 Bg7 6.Bg2 Nge7 7.O-O d6 8.Re1 O-O
9.Nf1 Rb8 10.h4 b5 11.h5 h6 12.N3h2 b4 13.f4 Bb7 14.g4 f5 15.g5 hxg5 16.
fxg5 Nd4 17.Bd2 Nb5 18.Rb1 gxh5 19.exf5 Bd4+ 20.Kh1 Bxg2+ 21.Kxg2 Nxf5 22.
Rxe6 Nh4+ 23.Kh1 Qd7 24.Qe1 Rbe8 25.Re4 Bf2 26.Qe2 Qh3 27.Ne3 Nd4 28.Qf1 
Qg3 29.Rxe8 Rxe8 30.Nd5 Rf8 31.Nf6+ Rxf6 32.gxf6 Ndf3 33.Bf4 Qxf4 34.Qxf2 
1-0

[Event "13th Asia-ch (women)"]
[Site "Subic Bay PHI"]
[Date "2009.05.22"]
[Round "10"]
[White "Nguyen Thi Mai Hung"]
[Black "Djang Bich Ngoc"]
[Result "0-1"]
[WhiteElo "2295"]
[BlackElo "2185"]
[EventDate "2009.05.13"]
[PlyCount "140"]

1.d4 Nf6 2.c4 c5 3.d5 e6 4.Nc3 exd5 5.cxd5 d6 6.e4 g6 7.f4 Bg7 8.Bb5+ Nfd7
9.a4 O-O 10.Nf3 Na6 11.O-O Nb4 12.Re1 a6 13.Bf1 Re8 14.h3 b6 15.Be3 Bb7 
16.Bf2 Rc8 17.Qb3 Bh6 18.g3 f6 19.Nh4 Re7 20.Be3 Qf8 21.Rad1 Rce8 22.Bg2 
Kh8 23.g4 Rc8 24.Bf1 Qe8 25.Bd2 Nf8 26.Bc4 Rd8 27.Re2 Bc8 28.Rde1 Bd7 29.
Rf2 b5 30.axb5 axb5 31.Bf1 Rb8 32.Nf3 Na6 33.Qc2 Bg7 34.f5 Rf7 35.Bf4 Rb6 
36.Kh1 Nc7 37.b4 Na6 38.Na2 Qc8 39.Rc1 c4 40.Nd4 g5 41.Bg3 Be8 42.Qb1 Nd7 
43.Nf3 Ne5 44.Nxe5 dxe5 45.Rf3 Bf8 46.Qb2 Bd6 47.h4 h6 48.Be1 Rh7 49.Rh3 
Rbb7 50.Rc2 Rbg7 51.Rch2 Qb7 52.Bc3 Qa7 53.hxg5 hxg5 54.Qg2 Nb8 55.Rh6 Nd7
56.Rxh7+ Rxh7 57.Rxh7+ Kxh7 58.Qe2 Qa3 59.Qb2 Qb3 60.Be2 Nb6 61.Qd2 Qb1+ 
62.Kg2 Qxe4+ 63.Bf3 Qb1 64.Qf2 Na4 65.Be1 e4 66.Qa7+ Kg8 67.Qa8 exf3+ 68.
Kf2 Qxa2+ 69.Kxf3 Qb3+ 70.Kg2 Qe3 0-1

[Event "13th Asia-ch (women)"]
[Site "Subic Bay PHI"]
[Date "2009.05.22"]
[Round "10"]
[White "Bui Kim Le"]
[Black "Le Kieu Thien Kim"]
[Result "0-1"]
[WhiteElo "2165"]
[BlackElo "2277"]
[EventDate "2009.05.13"]
[PlyCount "46"]

1.e4 c6 2.d4 d5 3.e5 Bf5 4.g4 Be4 5.f3 Bg6 6.Ne2 e6 7.h4 h6 8.Nf4 Bh7 9.
Be3 Be7 10.Bf2 Qb6 11.b3 Nd7 12.Bd3 Bxd3 13.Qxd3 c5 14.c3 cxd4 15.cxd4 
O-O-O 16.Nd2 Kb8 17.O-O-O Nxe5 18.dxe5 Qxf2 19.Kb1 Qb6 20.Nf1 Bc5 21.Ng3 
Ne7 22.Nge2 Nc6 23.Qc3 d4 0-1

[Event "13th Asia-ch (women)"]
[Site "Subic Bay PHI"]
[Date "2009.05.22"]
[Round "10"]
[White "Guo Qi"]
[Black "Le Thi Phuong Lien"]
[Result "0-1"]
[WhiteElo "2147"]
[BlackElo "2216"]
[EventDate "2009.05.13"]
[PlyCount "80"]

1.d4 d5 2.c4 e6 3.Nc3 Nf6 4.Bg5 Be7 5.e3 h6 6.Bh4 O-O 7.Nf3 b6 8.cxd5 exd5
9.Bd3 Bb7 10.Qc2 Ne4 11.Nxd5 Bxh4 12.Bxe4 Bxf2+ 13.Kxf2 Bxd5 14.Bxd5 Qxd5 
15.Qxc7 Nc6 16.Rhc1 Rac8 17.Qb7 Qe6 18.Qa6 Nb4 19.Qe2 Nxa2 20.Rxc8 Rxc8 
21.Qd2 Qb3 22.Ne1 a5 23.d5 Nb4 24.Rd1 Rd8 25.d6 Na6 26.Qd4 Nc5 27.Ke2 Qb5+
28.Kf3 Qf1+ 29.Kg3 Rxd6 30.Qg4 Rg6 31.Rd8+ Kh7 32.Qxg6+ fxg6 33.Nf3 Ne4+ 
34.Kf4 Ng5 35.Rd2 Nxf3 36.gxf3 b5 37.e4 Qc1 38.Ke3 a4 39.Kd3 b4 40.Rc2 Qb1
0-1

[Event "13th Asia-ch (women)"]
[Site "Subic Bay PHI"]
[Date "2009.05.22"]
[Round "10"]
[White "Wang Xiaohui"]
[Black "Sun Fanghui"]
[Result "1-0"]
[WhiteElo "2265"]
[BlackElo "2146"]
[EventDate "2009.05.13"]
[PlyCount "103"]

1.d4 Nf6 2.c4 c5 3.d5 e6 4.Nc3 exd5 5.cxd5 d6 6.Nf3 g6 7.h3 Bg7 8.e4 O-O 
9.Bd3 Re8 10.O-O a6 11.a4 Nbd7 12.Bf4 Qe7 13.Qd2 Nh5 14.Bg5 Bf6 15.Be3 Rb8
16.Rfe1 Qd8 17.Rab1 Qc7 18.Rec1 Qa5 19.Qc2 Ne5 20.Nd2 Nxd3 21.Qxd3 b5 22.
axb5 axb5 23.b4 Qa3 24.bxc5 dxc5 25.Qc2 Bd7 26.Nb3 Rec8 27.Ra1 Qb4 28.Ra7 
c4 29.Nd4 Qd6 30.Rca1 Be8 31.Nf3 b4 32.R1a6 b3 33.Qb1 Qb4 34.Rxf6 Qxc3 35.
Rfa6 Qc2 36.Qxc2 bxc2 37.Ra1 Rb1+ 38.Ne1 Rcb8 39.Kh2 Rxa1 40.Rxa1 Rb2 41.
Ra8 Nf6 42.Nxc2 Rxc2 43.Bd4 Kg7 44.Rxe8 Rd2 45.Be5 Re2 46.Rc8 Kh6 47.Rxc4 
Nd7 48.Bd4 Rd2 49.Kg3 f5 50.exf5 gxf5 51.Kf3 Ra2 52.Rc6+ 1-0

[Event "13th Asia-ch (women)"]
[Site "Subic Bay PHI"]
[Date "2009.05.22"]
[Round "10"]
[White "Mendoza, Beverly"]
[Black "Bernales, Christy Lamiel"]
[Result "1/2-1/2"]
[WhiteElo "2045"]
[BlackElo "2041"]
[EventDate "2009.05.13"]
[PlyCount "92"]

1.e4 e6 2.d4 d5 3.e5 c5 4.c3 Qb6 5.Nf3 Bd7 6.Bd3 Bb5 7.O-O Bxd3 8.Qxd3 Qa6
9.Qxa6 Nxa6 10.Nbd2 Ne7 11.Nb3 c4 12.Nbd2 Rc8 13.Re1 Ng6 14.Nf1 Be7 15.Bd2
O-O 16.g3 Rfd8 17.Kg2 Nc7 18.Ng1 Bf8 19.f4 Ne7 20.Ne3 f6 21.Nf3 Kf7 22.g4 
Ng6 23.Kg3 Be7 24.f5 Nf8 25.fxe6+ Nfxe6 26.Nf5 Bf8 27.Rf1 Ne8 28.Rae1 Rc6 
29.h4 Kg8 30.Re2 fxe5 31.Nxe5 Rb6 32.Bg5 Nxg5 33.hxg5 Nd6 34.Rh1 Ne4+ 35.
Kf4 g6 36.Reh2 gxf5 37.Rxh7 Bg7 38.gxf5 Rf8 39.Nd7 Rxf5+ 40.Kxf5 Ng3+ 41.
Kf4 Nxh1 42.Rh2 Rd6 43.Ne5 Rb6 44.Nd7 Rd6 45.Ne5 Rb6 46.Nd7 Rd6 1/2-1/2

[Event "13th Asia-ch (women)"]
[Site "Subic Bay PHI"]
[Date "2009.05.22"]
[Round "10"]
[White "Akter, Samima"]
[Black "Docena, Jedara"]
[Result "1/2-1/2"]
[WhiteElo "2125"]
[BlackElo "1999"]
[EventDate "2009.05.13"]
[PlyCount "160"]

1.d4 d6 2.c4 e5 3.d5 f5 4.Nc3 Nf6 5.g3 g6 6.Bg2 Bg7 7.e4 O-O 8.Nge2 fxe4 
9.h3 Nbd7 10.O-O a5 11.Be3 Qe7 12.Qd2 b6 13.Kh2 Ba6 14.b3 Rf7 15.Rab1 Kh8 
16.Nxe4 Nxe4 17.Bxe4 Nf6 18.Bg2 Nh5 19.Rbe1 Qd7 20.Nc3 Nf6 21.a4 Re8 22.
Bg5 Bc8 23.Re2 Ng8 24.Rfe1 h6 25.Be3 Kh7 26.Nb5 Nf6 27.b4 axb4 28.Qxb4 Bb7
29.Bd2 Rfe7 30.Qb1 Ra8 31.Qb3 Rf7 32.Ra1 Nh5 33.Ra2 Raf8 34.Bf1 Bf6 35.a5 
bxa5 36.Rxa5 Bc8 37.Ra7 Bd8 38.Ra2 Ng7 39.Qb1 Qf5 40.Qxf5 Bxf5 41.Re3 Bg5 
42.Rea3 h5 43.Ra7 Ne8 44.h4 Bd8 45.R2a3 Nf6 46.Kg1 Ne8 47.Bg2 Bg4 48.Be1 
Be2 49.R3a4 g5 50.hxg5 Bxg5 51.Nc3 Bf3 52.Bxf3 Rxf3 53.Ne4 Bh6 54.c5 dxc5 
55.Nxc5 Be3 56.Ne6 Bxa7 57.Nxf8+ Rxf8 58.Rxa7 Rf7 59.Bc3 Re7 60.Kg2 Kg6 
61.Ra6+ Kf5 62.Rh6 Ke4 63.Rxh5 Nf6 64.f3+ Kxd5 65.Rf5 Nd7 66.g4 Kc5 67.Ba1
Kd5 68.g5 c5 69.f4 Ke4 70.Rxe5+ Nxe5 71.Bxe5 c4 72.g6 Re8 73.g7 Rc8 74.Kg3
Kf5 75.Kf2 Ke4 76.Kg3 Kf5 77.Kh4 Kg6 78.Bc3 Kf7 79.f5 Rb8 80.Kh5 Rb1 
1/2-1/2

[Event "13th Asia-ch (women)"]
[Site "Subic Bay PHI"]
[Date "2009.05.22"]
[Round "10"]
[White "Khademalsharieh, Sarasadat"]
[Black "Li Panru"]
[Result "0-1"]
[WhiteElo "1806"]
[BlackElo "2146"]
[EventDate "2009.05.13"]
[PlyCount "56"]

1.d4 d5 2.c4 e6 3.Nc3 Be7 4.Nf3 Nf6 5.cxd5 exd5 6.Bg5 O-O 7.e3 c6 8.Bd3 
Re8 9.Qc2 h6 10.Bh4 Nbd7 11.O-O Ne4 12.Bxe7 Qxe7 13.Rae1 Ndf6 14.Ne5 Be6 
15.f3 Nxc3 16.bxc3 c5 17.Qb2 Qc7 18.Bb1 Rac8 19.Qf2 Qa5 20.Nd3 b6 21.Qb2 
Bf5 22.Ne5 Bxb1 23.Rxb1 cxd4 24.cxd4 Rc3 25.Rfe1 Rec8 26.Rbc1 Rc2 27.Qb1 
Qd2 28.Rxc2 Rxc2 0-1

[Event "13th Asia-ch (women)"]
[Site "Subic Bay PHI"]
[Date "2009.05.23"]
[Round "11"]
[White "Nguyen Thi Thanh An"]
[Black "Zhang Xiaowen"]
[Result "0-1"]
[WhiteElo "2324"]
[BlackElo "2340"]
[EventDate "2009.05.13"]
[PlyCount "120"]

1.d4 Nf6 2.c4 g6 3.Nc3 Bg7 4.e4 d6 5.Nf3 O-O 6.h3 e5 7.d5 a5 8.Be2 Na6 9.
Bg5 Qe8 10.g4 Kh8 11.Nd2 Ng8 12.h4 h6 13.Be3 f5 14.f3 f4 15.Bf2 Bd7 16.Rb1
Ne7 17.b3 c5 18.dxc6 bxc6 19.Na4 c5 20.Nc3 Nc6 21.h5 g5 22.Nd5 Rb8 23.O-O 
Rb7 24.a3 Qe6 25.Bd3 Rfb8 26.Qe2 Be8 27.Rfd1 Bf8 28.Bc2 Rg7 29.Kh2 Rbb7 
30.Rg1 Rb8 31.Rg2 Rbb7 32.Ra1 Nab8 33.Qd3 Bf7 34.Nb1 Bg8 35.Nbc3 Nd4 36.
Rb1 Nbc6 37.Bd1 Rb8 38.Nb5 Rgb7 39.Be1 Qf7 40.Rgb2 Nxb5 41.cxb5 Rxb5 42.b4
cxb4 43.Ba4 Rxd5 44.Qxd5 Qxd5 45.exd5 Nd4 46.Bd1 Bxd5 47.Kg2 Bg7 48.axb4 
a4 49.b5 a3 50.Rb4 a2 51.Rc1 Rxb5 52.Rc8+ Kh7 53.Ra4 Rb1 54.Rxd4 Rb2+ 55.
Rd2 Rxd2+ 56.Bxd2 a1=Q 57.Bc2+ e4 58.fxe4 f3+ 59.Kxf3 Qf1+ 60.Ke3 Qf4+ 0-1

[Event "13th Asia-ch (women)"]
[Site "Subic Bay PHI"]
[Date "2009.05.23"]
[Round "11"]
[White "Batkhuyag, Munguntuul"]
[Black "Huang Qian"]
[Result "0-1"]
[WhiteElo "2440"]
[BlackElo "2410"]
[EventDate "2009.05.13"]
[PlyCount "80"]

1.e4 c5 2.Nc3 a6 3.g3 d6 4.Bg2 Nf6 5.f4 Nc6 6.d3 e6 7.a4 Be7 8.Nf3 d5 9.e5
Nd7 10.O-O Rb8 11.d4 b5 12.axb5 axb5 13.Be3 b4 14.Ne2 Qb6 15.dxc5 Bxc5 16.
Ned4 O-O 17.Kh1 Bb7 18.Re1 Rbe8 19.Bg1 Nxd4 20.Nxd4 Nb8 21.Qd3 Nc6 22.Nxc6
Bxg1 23.Rxg1 Bxc6 24.Ra6 Qb7 25.Ra5 Ra8 26.Rga1 Rxa5 27.Rxa5 Qb6 28.Ra1 g6
29.h3 Qc5 30.Qd2 Rc8 31.Rf1 d4 32.Rf2 b3 33.cxb3 d3 34.Bxc6 Qxc6+ 35.Kh2 
Qc2 36.Qe3 Qxb3 37.Qd4 Qd5 38.Qb4 Rc2 39.Rd2 Kg7 40.Kg1 Qf3 0-1

[Event "13th Asia-ch (women)"]
[Site "Subic Bay PHI"]
[Date "2009.05.23"]
[Round "11"]
[White "Meenakshi, Subbaraman"]
[Black "Ju Wenjun"]
[Result "1-0"]
[WhiteElo "2303"]
[BlackElo "2454"]
[EventDate "2009.05.13"]
[PlyCount "81"]

1.d4 Nf6 2.c4 g6 3.g3 Bg7 4.Bg2 O-O 5.Nc3 d6 6.Nf3 c5 7.d5 e6 8.O-O exd5 
9.cxd5 a6 10.a4 Nbd7 11.Bf4 Qc7 12.Nd2 Nh5 13.Bg5 h6 14.Be3 Re8 15.Nc4 Rb8
16.Ne4 Bf8 17.Qc2 Ndf6 18.Nxf6+ Nxf6 19.a5 Bf5 20.Qd2 Be4 21.Bxe4 Rxe4 22.
Rac1 Rbe8 23.f3 R4e7 24.Rfe1 g5 25.g4 Qd7 26.Bf2 Nxg4 27.fxg4 Qxg4+ 28.Kf1
Qh3+ 29.Kg1 Qg4+ 30.Bg3 Rxe2 31.Rxe2 Rxe2 32.Qd3 Bg7 33.Rf1 h5 34.Rf3 Bd4+
35.Kf1 Re4 36.Kg2 Re1 37.h3 Rg1+ 38.Kh2 Qd7 39.Bf2 Bxf2 40.Rxf2 Ra1 41.Qe3
1-0